[Event "CZE-chT2F 1516"]
[Site "Czech Republic"]
[Date "2015.12.06"]
[Round "4.61"]
[White "Motuz, Karol"]
[Black "Bazant, Petr Jr"]
[Result "0-1"]
[WhiteElo "2312"]
[BlackElo "2332"]
[PlyCount "92"]
[EventDate "2015.10.18"]
[EventType "team-tourn"]
[EventRounds "11"]
[EventCountry "CZE"]
[SourceTitle "EXT 2022"]
[Source "ChessBase"]
[SourceDate "2021.10.06"]
[SourceVersion "1"]
[SourceVersionDate "2021.10.06"]
[SourceQuality "1"]
[WhiteTeam "Vsetin"]
[BlackTeam "Stare Mesto II"]
[WhiteTeamCountry "CZE"]
[BlackTeamCountry "CZE"]

1. d4 d5 2. c4 e6 3. Nf3 Nf6 4. g3 Be7 5. Bg2 0-0 6. 0-0 b6 7. Nc3 Bb7 8. Ne5 c6 9. Qa4 Nbd7 10. Nxd7 Qxd7 11. Bf4 Rfd8 12. Rfd1 Bd6 13. Bxd6 Qxd6 14. e4 a6 15. Qb3 b5 16. exd5 exd5 17. cxd5 cxd5 18. Rac1 Kf8 19. a4 b4 20. Ne2 Nd7 21. a5 Rab8 22. Nf4 Nf6 23. Nd3 Bc6 24. Ne5 Be8 25. Bf1 Ne4 26. Qe3 f6 27. Nd3 Bb5 28. Qf4 Re8 29. Rc7 Qd8 30. Rdc1 Ng5 31. Ne5 Bxf1 32. Kxf1 Rxe5 33. dxe5 Ne6 34. Qf5 Nxc7 35. Qxh7 fxe5 36. Qh8+ Ke7 37. Qxg7+ Kd6 38. Qg6+ Ne6 39. f4 exf4 40. Re1 Qe8 41. Qf6 Qb5+ 42. Kg1 Re8 43. gxf4 Qc5+ 44. Kf1 Kd7 45. f5 Qc4+ 46. Re2 Nc7 0-1

[Event "CZE-chT1E 1516"]
[Site "Czech Republic"]
[Date "2015.11.15"]
[Round "3.4"]
[White "Lys, Josef"]
[Black "Bazant, Petr Jr"]
[Result "1/2-1/2"]
[WhiteElo "2197"]
[BlackElo "2345"]
[PlyCount "101"]
[EventDate "2015.10.11"]
[EventType "team-tourn"]
[EventRounds "11"]
[EventCountry "CZE"]
[SourceTitle "CBM 169 Extra"]
[Source "ChessBase"]
[SourceDate "2015.12.18"]
[SourceVersion "1"]
[SourceVersionDate "2015.12.18"]
[SourceQuality "1"]
[WhiteTeam "Karvina"]
[BlackTeam "Stare Mesto"]
[WhiteTeamCountry "CZE"]
[BlackTeamCountry "CZE"]

1. d4 Nf6 2. Nf3 e6 3. c4 d5 4. Nc3 Be7 5. Bg5 0-0 6. e3 b6 7. Bxf6 Bxf6 8. cxd5 exd5 9. Be2 Bb7 10. 0-0 Qe7 11. Qb3 Rd8 12. Rad1 g6 13. Rfe1 c6 14. Bf1 Na6 15. e4 Qb4 16. Qc2 Nc7 17. a3 Qf8 18. Nxd5 Nxd5 19. exd5 Rxd5 20. Bc4 Rd7 21. Ne5 Re7 22. f4 Kg7 23. Be2 c5 24. dxc5 Bxe5 25. fxe5 Rc8 26. b4 bxc5 27. Bg4 Rcc7 28. bxc5 Qe8 29. Qc3 Kg8 30. Bf3 Bxf3 31. gxf3 Qc6 32. Rc1 Red7 33. Rc2 Rd5 34. Rec1 Qe6 35. Re1 Rc6 36. Qe3 Qe7 37. Ree2 Rcxc5 38. Rxc5 Qxc5 39. Qxc5 Rxc5 40. e6 fxe6 41. Rxe6 Ra5 42. Re3 Kf7 43. Kf2 Kf6 44. Kg3 Ra4 45. h4 Rc4 46. Rb3 Ra4 47. Rb7 h5 48. Rb3 Ke5 49. Rd3 Ra6 50. Rb3 Ra5 51. Re3+ 1/2-1/2

[Event "CZE-chT1E 1415"]
[Site "Czech Republic"]
[Date "2015.04.12"]
[Round "11.4"]
[White "Bazant, Petr Jr"]
[Black "Blatny, Pavel"]
[Result "1/2-1/2"]
[WhiteElo "2362"]
[BlackElo "2414"]
[PlyCount "188"]
[EventDate "2014.10.19"]
[EventType "team-tourn"]
[EventRounds "11"]
[EventCountry "CZE"]
[SourceTitle "EXT 2016"]
[Source "ChessBase"]
[SourceDate "2015.10.08"]
[SourceVersion "1"]
[SourceVersionDate "2015.10.08"]
[SourceQuality "1"]
[WhiteTeam "Stare Mesto"]
[BlackTeam "Brno Duras"]
[WhiteTeamCountry "CZE"]
[BlackTeamCountry "CZE"]

1. e4 g6 2. d4 c6 3. Nc3 d5 4. h3 Bg7 5. Nf3 Nf6 6. e5 Nfd7 7. Bf4 Nf8 8. Qd2 h6 9. 0-0-0 a5 10. g4 b5 11. Bg2 a4 12. Nb1 Qb6 13. a3 Na6 14. c3 Bb7 15. Ne1 0-0-0 16. Nd3 e6 17. Be3 Nd7 18. f4 Bf8 19. Qf2 Kb8 20. f5 gxf5 21. gxf5 Nc7 22. Qh4 Rc8 23. Rhf1 c5 24. dxc5 Nxc5 25. Nxc5 Bxc5 26. Bxc5 Qxc5 27. fxe6 Qe3+ 28. Kc2 Rhg8 29. Rd2 Rxg2 30. Rxg2 d4 31. Rd2 Be4+ 32. Kc1 dxc3 33. bxc3 Nd5 34. Kb2 Bxb1 35. Qd4 fxe6 36. Rxb1 Rxc3 37. Qxe3 Rxe3 38. Kc2 Rc3+ 39. Kd1 Rc5 40. Ke1 Nc3 41. Rb4 Rxe5+ 42. Kf1 Kb7 43. Rd8 Kc7 44. Rh8 Nd5 45. Rh4 Ne3+ 46. Kf2 Nf5 47. Rb4 Rc5 48. Ra8 Nd6 49. Ra6 Rc2+ 50. Ke1 Rc3 51. Rg4 Nf5 52. Rxe6 Rxa3 53. Rb4 Ra1+ 54. Kd2 Nd6 55. Rxh6 a3 56. Rh7+ Kb6 57. Kc2 a2 58. Rxb5+ Kxb5 59. Kb2 Rd1 60. Kxa2 Kb4 61. Kb2 Nc4+ 62. Kc2 Ne3+ 63. Kb2 Rd2+ 64. Kc1 Rc2+ 65. Kb1 Rh2 66. Rc7 Rxh3 67. Kc1 Rh2 68. Rc8 Kb3 69. Rb8+ Kc3 70. Rc8+ Nc4 71. Kd1 Kd4 72. Rd8+ Ke4 73. Kc1 Ke3 74. Re8+ Kd3 75. Rd8+ Kc3 76. Kd1 Nb2+ 77. Ke1 Nd3+ 78. Kf1 Kd2 79. Re8 Nf4 80. Kg1 Rg2+ 81. Kf1 Rg3 82. Kf2 Rd3 83. Re4 Nh3+ 84. Kg2 Ng5 85. Re5 Nf3 86. Re8 Ne1+ 87. Kh2 Rf3 88. Re7 Rd3 89. Re8 Nc2 90. Kg2 Nd4 91. Kf2 Rf3+ 92. Kg2 Kd3 93. Re5 Rf8 94. Kg3 Nf5+ 1/2-1/2

[Event "CZE-chT1E 1415"]
[Site "Czech Republic"]
[Date "2015.03.01"]
[Round "9.4"]
[White "Bazant, Petr Jr"]
[Black "Obsivac, Josef"]
[Result "1/2-1/2"]
[WhiteElo "2362"]
[BlackElo "2281"]
[PlyCount "58"]
[EventDate "2014.10.19"]
[EventType "team-tourn"]
[EventRounds "11"]
[EventCountry "CZE"]
[SourceTitle "EXT 2016"]
[Source "ChessBase"]
[SourceDate "2015.10.08"]
[SourceVersion "1"]
[SourceVersionDate "2015.10.08"]
[SourceQuality "1"]
[WhiteTeam "Stare Mesto"]
[BlackTeam "Grygov"]
[WhiteTeamCountry "CZE"]
[BlackTeamCountry "CZE"]

1. e4 e6 2. Qe2 c5 3. g3 Nc6 4. c3 g6 5. Bg2 Bg7 6. Nh3 Nge7 7. 0-0 d5 8. Qb5 d4 9. Qxc5 b6 10. Qa3 0-0 11. b4 Bb7 12. Bb2 b5 13. Qb3 Qd7 14. a4 a6 15. axb5 axb5 16. Rxa8 Rxa8 17. Na3 Ba6 18. Nf4 d3 19. Bh3 Ne5 20. f3 Nc4 21. Rf2 Bh6 22. Bc1 Rd8 23. Bf1 Bxf4 24. gxf4 Qc7 25. Qb1 Qd6 26. Qa2 Qc6 27. Qb1 Qd7 28. Qa2 Qc6 29. Qb1 Qd7 1/2-1/2

[Event "CZE-chT1E 1415"]
[Site "Czech Republic"]
[Date "2015.02.15"]
[Round "8.4"]
[White "Krcal, Michal"]
[Black "Bazant, Petr Jr"]
[Result "1-0"]
[WhiteElo "2246"]
[BlackElo "2362"]
[PlyCount "71"]
[EventDate "2014.10.19"]
[EventType "team-tourn"]
[EventRounds "11"]
[EventCountry "CZE"]
[SourceTitle "EXT 2016"]
[Source "ChessBase"]
[SourceDate "2015.10.08"]
[SourceVersion "1"]
[SourceVersionDate "2015.10.08"]
[SourceQuality "1"]
[WhiteTeam "Zlin"]
[BlackTeam "Stare Mesto"]
[WhiteTeamCountry "CZE"]
[BlackTeamCountry "CZE"]

1. e4 c6 2. d4 d5 3. exd5 cxd5 4. c4 Nf6 5. Nc3 Nc6 6. Nf3 e6 7. Be2 Be7 8. 0-0 0-0 9. b3 b6 10. Bb2 Bb7 11. Rc1 Rc8 12. Qd2 dxc4 13. bxc4 Qd6 14. Rfd1 Rfd8 15. h3 Qb4 16. a3 Qd6 17. Qe3 Bf8 18. Bf1 Qb8 19. Ne2 Na5 20. Ne5 Nd7 21. Nxd7 Rxd7 22. Nf4 e5 23. Nh5 exd4 24. Bxd4 Rc6 25. Bxg7 Rxd1 26. Rxd1 Rg6 27. Be5 Qc8 28. Nf6+ Kg7 29. Rd7 Nxc4 30. Bxc4 Rxg2+ 31. Kh1 Qxc4 32. Nd5+ Kg8 33. Kxg2 Bxd5+ 34. Kh2 h6 35. Rd8 Qf1 36. Rxd5 1-0

[Event "CZE-chT1E 1415"]
[Site "Czech Republic"]
[Date "2015.01.04"]
[Round "5.4"]
[White "Bazant, Petr Jr"]
[Black "Mudra, Tomas"]
[Result "1-0"]
[WhiteElo "2362"]
[BlackElo "2185"]
[PlyCount "101"]
[EventDate "2014.10.19"]
[EventType "team-tourn"]
[EventRounds "11"]
[EventCountry "CZE"]
[SourceTitle "EXT 2016"]
[Source "ChessBase"]
[SourceDate "2015.10.08"]
[SourceVersion "1"]
[SourceVersionDate "2015.10.08"]
[SourceQuality "1"]
[WhiteTeam "Stare Mesto"]
[BlackTeam "Brno Duras II"]
[WhiteTeamCountry "CZE"]
[BlackTeamCountry "CZE"]

1. e4 c5 2. Nf3 d6 3. c3 Nf6 4. h3 g6 5. Bd3 Bg7 6. 0-0 0-0 7. Re1 e5 8. Bf1 Re8 9. d3 d5 10. Qc2 Nc6 11. a3 a5 12. a4 b6 13. Na3 h6 14. Nb5 d4 15. Nh2 Nh5 16. g3 Be6 17. Qe2 Qd7 18. Qf3 Ne7 19. Be2 f5 20. Qh1 f4 21. g4 Nf6 22. c4 Rad8 23. Rd1 Nh7 24. b3 h5 25. Ra2 hxg4 26. Bxg4 Bxg4 27. Nxg4 Kf7 28. f3 Rh8 29. Rh2 g5 30. h4 gxh4 31. Rxh4 Ng5 32. Kf2 Ng6 33. Rh5 Bf6 34. Rg1 Qe7 35. Nh6+ Rxh6 36. Rxh6 Rh8 37. Rxh8 Bxh8 38. Qh6 Bf6 39. Ke2 Qf8 40. Qxf8+ Kxf8 41. Nc7 Kf7 42. Rh1 Bd8 43. Nb5 Kg7 44. Bd2 Ne7 45. Be1 Nc6 46. Nd6 Ne6 47. Nf5+ Kf7 48. Rh7+ Kf8 49. Rd7 Bc7 50. Bh4 Nb4 51. Re7 1-0

[Event "CZE-chT1E 1314"]
[Site "Czech Republic"]
[Date "2014.02.22"]
[Round "10.3"]
[White "Bazant, Petr Jr"]
[Black "Belunek, Vladimir"]
[Result "1-0"]
[WhiteElo "2347"]
[BlackElo "2256"]
[PlyCount "91"]
[EventDate "2013.10.20"]
[EventType "team-tourn"]
[EventRounds "11"]
[EventCountry "CZE"]
[SourceTitle "EXT 2015"]
[Source "ChessBase"]
[SourceDate "2014.11.20"]
[SourceVersion "1"]
[SourceVersionDate "2014.11.20"]
[SourceQuality "1"]
[WhiteTeam "Stare Mesto"]
[BlackTeam "Litovel II"]
[WhiteTeamCountry "CZE"]
[BlackTeamCountry "CZE"]

1. e4 e5 2. Nf3 Nc6 3. a3 Nf6 4. Nc3 g6 5. Bb5 Bg7 6. d3 d6 7. Bg5 h6 8. Bh4 a6 9. Bxc6+ bxc6 10. d4 exd4 11. Qxd4 0-0 12. 0-0-0 g5 13. Bg3 Nh5 14. Qd3 Qe8 15. Rhe1 Nxg3 16. hxg3 Bg4 17. Re3 Rb8 18. Rh1 Bxf3 19. gxf3 Rb6 20. f4 Qe7 21. fxg5 Qxg5 22. f4 Qf6 23. Nd1 Rfb8 24. c3 Qe6 25. Re2 Qa2 26. Rhe1 Rb5 27. Rc2 a5 28. g4 Rc5 29. Kd2 Rcb5 30. Kc1 c5 31. Kd2 Qe6 32. Rg1 c4 33. Qf3 d5 34. e5 c5 35. Ne3 d4 36. cxd4 cxd4 37. Nxc4 Rb3 38. Qe4 Rh3 39. Qxd4 Qe7 40. Kc1 Rd8 41. Nd6 Qe6 42. Kb1 f6 43. Qc4 Qxc4 44. Nxc4 fxe5 45. fxe5 Rf3 46. Nxa5 1-0

[Event "CZE-chT1E 1314"]
[Site "Czech Republic"]
[Date "2014.02.09"]
[Round "7.4"]
[White "Vyskocil, Neklan"]
[Black "Bazant, Petr Jr"]
[Result "1/2-1/2"]
[WhiteElo "2376"]
[BlackElo "2347"]
[PlyCount "100"]
[EventDate "2013.10.20"]
[EventType "team-tourn"]
[EventRounds "11"]
[EventCountry "CZE"]
[SourceTitle "EXT 2015"]
[Source "ChessBase"]
[SourceDate "2014.11.20"]
[SourceVersion "1"]
[SourceVersionDate "2014.11.20"]
[SourceQuality "1"]
[WhiteTeam "Brno Duras"]
[BlackTeam "Stare Mesto"]
[WhiteTeamCountry "CZE"]
[BlackTeamCountry "CZE"]

1. d4 d5 2. c4 c6 3. cxd5 cxd5 4. Bf4 Qb6 5. Nc3 e6 6. Qd2 Bd7 7. e3 Nf6 8. Bd3 Be7 9. Nf3 0-0 10. h3 Rc8 11. 0-0 Nc6 12. Ne5 Be8 13. Rac1 Nxe5 14. Bxe5 Nd7 15. Bg3 Qa5 16. a3 Nb6 17. Ne4 Qxd2 18. Nxd2 Na4 19. Rxc8 Rxc8 20. Rb1 f6 21. Kf1 Bg6 22. Ke2 Kf7 23. Bxg6+ Kxg6 24. Kd3 Kf7 25. Nb3 Ke8 26. Kd2 Kd7 27. Nc1 Nb6 28. Nd3 Nc4+ 29. Ke2 a5 30. f3 Rc6 31. Rc1 Rb6 32. Rc2 Rb3 33. Be1 Bd6 34. Rc3 Rb6 35. Rc2 g6 36. Bc3 Rc6 37. e4 b5 38. Be1 Ra6 39. Bc3 f5 40. exd5 exd5 41. Bd2 a4 42. Kf2 Ra8 43. Bc1 Re8 44. Rc3 Bf8 45. Bf4 Bg7 46. Be5 Bxe5 47. Nxe5+ Kd6 48. f4 Rb8 49. Rc2 Rb7 50. Ke2 Ke6 1/2-1/2

[Event "CZE-chT1E 1314"]
[Site "Czech Republic"]
[Date "2013.12.08"]
[Round "4.4"]
[White "Bazant, Petr Jr"]
[Black "Karlik, Vladimir"]
[Result "1-0"]
[WhiteElo "2347"]
[BlackElo "2274"]
[PlyCount "53"]
[EventDate "2013.10.20"]
[EventType "team-tourn"]
[EventRounds "11"]
[EventCountry "CZE"]
[SourceTitle "EXT 2015"]
[Source "ChessBase"]
[SourceDate "2014.11.20"]
[SourceVersion "1"]
[SourceVersionDate "2014.11.20"]
[SourceQuality "1"]
[WhiteTeam "Stare Mesto"]
[BlackTeam "Kromeriz"]
[WhiteTeamCountry "CZE"]
[BlackTeamCountry "CZE"]

1. e4 g6 2. d4 Bg7 3. Nf3 c6 4. Nc3 d6 5. h3 Nf6 6. g4 b5 7. a3 Bb7 8. Bg2 Qc7 9. 0-0 e5 10. Qd3 h5 11. dxe5 dxe5 12. Rd1 0-0 13. Bg5 hxg4 14. hxg4 Nxg4 15. Bd8 Qc8 16. Bh3 f5 17. Qd6 Na6 18. Be7 Re8 19. Ng5 Nc7 20. Rd3 Nh6 21. Rad1 Nf7 22. Nxf7 Kxf7 23. exf5 gxf5 24. Bh4 Nd5 25. Nxd5 cxd5 26. Rc3 Qe6 27. Qc7+ 1-0

[Event "CZE-chT1E 1314"]
[Site "Czech Republic"]
[Date "2013.11.23"]
[Round "5.4"]
[White "Jarabek, Vratislav"]
[Black "Bazant, Petr Jr"]
[Result "0-1"]
[WhiteElo "2202"]
[BlackElo "2347"]
[PlyCount "86"]
[EventDate "2013.10.20"]
[EventType "team-tourn"]
[EventRounds "11"]
[EventCountry "CZE"]
[SourceTitle "EXT 2015"]
[Source "ChessBase"]
[SourceDate "2014.11.20"]
[SourceVersion "1"]
[SourceVersionDate "2014.11.20"]
[SourceQuality "1"]
[WhiteTeam "Chrudim"]
[BlackTeam "Stare Mesto"]
[WhiteTeamCountry "CZE"]
[BlackTeamCountry "CZE"]

1. d4 Nf6 2. Nf3 d5 3. c4 c6 4. e3 Bf5 5. Nc3 e6 6. Qb3 Qb6 7. c5 Qc7 8. Nh4 Nbd7 9. Nxf5 exf5 10. Qc2 g6 11. Bd2 Bh6 12. g3 0-0 13. Bg2 Ne4 14. 0-0 Ndf6 15. b4 Nxc3 16. Bxc3 a6 17. a4 Bg5 18. Rfb1 h5 19. b5 axb5 20. axb5 h4 21. bxc6 bxc6 22. Rxa8 Rxa8 23. Ra1 Rxa1+ 24. Bxa1 hxg3 25. hxg3 Ng4 26. Bc3 Bxe3 27. fxe3 Qxg3 28. Qe2 f4 29. Bd2 fxe3 30. Bc3 f5 31. Qe1 Nf2 32. Qe2 Nh3+ 33. Kh1 Nf4 34. Qf3 Qg5 35. Be1 Ne6 36. Qg3 Qxg3 37. Bxg3 Nxd4 38. Kg1 f4 39. Bh4 Kf7 40. Kf1 Ne6 41. Bh3 g5 42. Bxe6+ Kxe6 43. Bxg5 Kf5 0-1